000 00539nam a22001937a 4500
005 20260318111141.0
010 _aENG-147907
020 _a9789373595610
_c399.00
035 _aEN-131439
037 _bDBAD
082 _a000
_21
245 _aCUET (UG)26 English
250 _a1
260 _aUttar Pradesh
_bS. Chand Publishing
_c2026
270 _aD-92, Sector-02, Noida
_bUttar Pradesh
_e201301
_k91-120-4682700
300 v _a234p.
_c26cm(pb)
500 _a25 Previous Year Papers
942 _2ddc
_cEN
_mCUE
_h000
999 _c215596
_d215596